| 000 | 01027nam a2200325Ia 4500 | ||
|---|---|---|---|
| 001 | Para_2098 | ||
| 003 | CHAP | ||
| 008 | 220125s9999 xx 000 0 und d | ||
| 010 | _a200731 | ||
| 020 | _a968-16-5878-7 | ||
| 040 | _cCHAP | ||
| 082 | _aPA 632.58 V555 | ||
| 100 |
_aVillaseñor Ríos, José Luis _9119700 |
||
| 245 |
_aCatálogo de malezas de México / _c José Luis Villaseñor Ríos, Francisco J. Espinosa García |
||
| 260 |
_aMéxico : _b FCE |
||
| 300 | _a449 p. | ||
| 440 |
_aEdiciones Científicas Universitarias. Serie Texto Científico Universitario _9129874 |
||
| 500 | _aIncluye referencias bibliográficas e índice | ||
| 503 | _aC/e (ej.1) | ||
| 650 |
_aMalas hierbas _969996 |
||
| 650 |
_aMalezas _x México _x Catalogos _9165588 |
||
| 700 |
_aEspinosa García, Francisco J., coaut. _9165589 |
||
| 901 | _aPA 632.58 V555 | ||
| 902 | _aM | ||
| 905 | _a223220 1998 mx x 8000000300spa26 | ||
| 910 | _a | ||
| 942 | _cPARA | ||
| 942 |
_cPARA _d1 |
||
| 999 |
_c200731 _d200731 |
||